<?xml version="1.0" encoding="UTF-8"?>
<marc:record xmlns:marc="http://www.loc.gov/MARC21/slim">
   <marc:leader>00000nam a2200000 a 4500</marc:leader>
   <marc:datafield ind1="1" ind2=" " tag="100">
      <marc:subfield code="a">Rjažskij, Grigorij Viktorovič</marc:subfield>
      <marc:subfield code="4">aut</marc:subfield>
      <marc:subfield code="e">Verfasser/-in</marc:subfield>
   </marc:datafield>
   <marc:datafield ind1="1" ind2=" " tag="100">
      <marc:subfield code="a">Braungardt, Ganna-Maria</marc:subfield>
      <marc:subfield code="4">trl</marc:subfield>
      <marc:subfield code="e">Übersetzer/-in</marc:subfield>
   </marc:datafield>
   <marc:datafield ind1="1" ind2=" " tag="100">
      <marc:subfield code="a">Rjažskij, Grigorij Viktorovič</marc:subfield>
   </marc:datafield>
   <marc:datafield ind1=" " ind2=" " tag="653">
      <marc:subfield code="a">Reformpolitik</marc:subfield>
   </marc:datafield>
   <marc:datafield ind1=" " ind2=" " tag="653">
      <marc:subfield code="a">Fiktionale Darstellung</marc:subfield>
   </marc:datafield>
   <marc:datafield ind1=" " ind2=" " tag="653">
      <marc:subfield code="a">Belletristische Darstellung</marc:subfield>
   </marc:datafield>
   <marc:datafield ind1="0" ind2="0" tag="245">
      <marc:subfield code="a">Moskau, Bel Étage</marc:subfield>
   </marc:datafield>
   <marc:datafield ind1="0" ind2="0" tag="245">
      <marc:subfield code="b">Roman</marc:subfield>
   </marc:datafield>
   <marc:datafield ind1="0" ind2="0" tag="245">
      <marc:subfield code="c">Grigori Rjaschski</marc:subfield>
   </marc:datafield>
   <marc:datafield ind1=" " ind2="1" tag="264">
      <marc:subfield code="a">Köln</marc:subfield>
      <marc:subfield code="b">Kiepenheuer &amp; Witsch</marc:subfield>
      <marc:subfield code="c">2009</marc:subfield>
   </marc:datafield>
   <marc:datafield ind1=" " ind2=" " tag="250">
      <marc:subfield code="a">1. Aufl.</marc:subfield>
   </marc:datafield>
   <marc:datafield ind1="1" ind2=" " tag="520">
      <marc:subfield code="a">Angaben aus der Verlagsmeldung

Moskau, Bel Étage : Roman / von Grigori Rjaschski

"Vielleicht lebt ja etwas Gutes von unseren Großmüttern und Großvätern in unseren Kindern und Enkeln weiter." Ljudmila Ulitzkaja in ihrem Vorwort

Ein Jahrhundert russischer Geschichte durchströmt die Maisonettewohnungen in bester Moskauer Lage. Mit den Machthabern wechseln die Bewohner, nur Rosa Mirskaja, die Frau des Architekten Semjon Mirski, bleibt über all die Jahre mit Herzenswärme, gestärkten Tischdecken und jüdischem Gebäck der ruhende Pol im Leben der Mirskis und ihrer Nachbarn - über alle familiären Krisen und historischen Umstürze hinweg.
Gleich bei den Patriarchenteichen, dort, wo die Geschichte von "Der Meister und Margarita" ihren Ursprung nahm und wo heute Moskaus Neue Mitte erwächst, steht der Inbegriff Moskauer Jugendstils, erbaut von Semjon Mirski, Architekt und angesehenes Mitglied der Akademie der Wissenschaften. Dort wohnt auch der Erbauer selbst mit seiner Frau, Rosa Markowna Mirskaja, in direkter Nachbarschaft zu den hohen Persönlichkeiten der Stadt.
Doch wer angesehen ist und wer nicht, ändert sich mit den Zeitläufen, und so verändert sich auch die Nachbarschaft der Mirskis zwischen den Jahren der Oktoberrevolution und dem Zusammenbruch der Sowjetunion mehrfach. Und auch in der Familie Mirski geraten die jüdischen Traditionen von einer Generation zur nächsten immer mehr ins Wanken, wäre da nicht der beharrliche Wille der Mutter, Groß- und Urgroßmutter Rosa, die mit unendlicher Geduld die Familie zusammenhält.
Angelehnt an die Geschichte der russisch-jüdischen Familie Ginzburg, der er selbst wie auch seine Cousine Ljudmila Ulitzkaja entstammen, entwirft Grigori Rjaschski ein lebendiges Panorama der russischen Gesellschaft im Wandel der Zeiten - in dessen Mittelpunkt Rosa Markowna, erhaben über die Unbill der Geschichte.
</marc:subfield>
   </marc:datafield>
   <marc:datafield ind1=" " ind2=" " tag="020">
      <marc:subfield code="a">9783462040715</marc:subfield>
      <marc:subfield code="9">9783462040715</marc:subfield>
   </marc:datafield>
   <marc:datafield ind1=" " ind2=" " tag="041">
      <marc:subfield code="a">ger</marc:subfield>
   </marc:datafield>
   <marc:datafield ind1=" " ind2=" " tag="300">
      <marc:subfield code="a">399 S.</marc:subfield>
   </marc:datafield>
</marc:record>
